<?xml version="1.0" encoding="UTF-8"?>
<marc:record xmlns:marc="http://www.loc.gov/MARC21/slim">
   <marc:leader>00000nam a2200000 a 4500</marc:leader>
   <marc:datafield ind1="1" ind2=" " tag="100">
      <marc:subfield code="a">Huber, Florian</marc:subfield>
      <marc:subfield code="4">aut</marc:subfield>
      <marc:subfield code="e">Verfasser/-in</marc:subfield>
   </marc:datafield>
   <marc:datafield ind1="0" ind2="0" tag="245">
      <marc:subfield code="a">Versunkene Schätze</marc:subfield>
   </marc:datafield>
   <marc:datafield ind1="0" ind2="0" tag="245">
      <marc:subfield code="b">Von Atlantis bis Titanic</marc:subfield>
   </marc:datafield>
   <marc:datafield ind1="0" ind2="0" tag="245">
      <marc:subfield code="c">Florian Huber</marc:subfield>
   </marc:datafield>
   <marc:datafield ind1=" " ind2="1" tag="264">
      <marc:subfield code="a">Nürnberg</marc:subfield>
      <marc:subfield code="b">Tessloff</marc:subfield>
      <marc:subfield code="c">2022</marc:subfield>
   </marc:datafield>
   <marc:datafield ind1="1" ind2=" " tag="490">
      <marc:subfield code="a">Was ist Was</marc:subfield>
      <marc:subfield code="v">145</marc:subfield>
   </marc:datafield>
   <marc:datafield ind1=" " ind2=" " tag="250">
      <marc:subfield code="a">M.Ill.</marc:subfield>
   </marc:datafield>
   <marc:datafield ind1="1" ind2=" " tag="520">
      <marc:subfield code="a">Mehr als 3 Millionen versunkene Schiffe gibt es Schätzungen zufolge weltweit, eine Menge Stoff für aktuelle und zukünftige Forschungstaucher und Unterwasserarchäologen. Einer von ihnen ist Dr. Florian Huber. Er ist der Terra X-Moderator und Autor des WAS IST WAS Buches und berichtet von seinen Aufgaben und Herausforderungen unter Wasser. Neben dem Einblick in seine Arbeit, zeigt er, wo und welche Schätze auf dem Meeresgrund schlummern und welche Geschichten sie erzählen. Gibt es Atlantis wirklich und wo liegt es? Welches ist der größte Schatz im Meer? Was passierte bei der Meuterei auf der "Bounty" und was wissen wir über Piraten? Wie kommt man an die Titanic, das berühmteste Schiffswrack der Welt? Unter Wasser eröffnen sich ganz neue Welten. In Mexiko gibt es ein Únterwasser-Höhlensystem, hierzulande auch geflutete Bergwerke oder Siedlungen und auch sie sind wichtge Zeugen der Zeitgeschichte. Warum lässt man manchen Schätze unter Wasser und wie kann man sie dort erforschen? Das Sachbuch beantwortet viele Kinderfragen und gibt interessante und spannende Einblicke in die Unterwasser-Archäologie.</marc:subfield>
   </marc:datafield>
   <marc:datafield ind1=" " ind2=" " tag="020">
      <marc:subfield code="a">9783788621131</marc:subfield>
      <marc:subfield code="9">9783788621131</marc:subfield>
   </marc:datafield>
   <marc:datafield ind1=" " ind2=" " tag="020">
      <marc:subfield code="a">3788621141</marc:subfield>
      <marc:subfield code="9">3788621141</marc:subfield>
   </marc:datafield>
   <marc:datafield ind1=" " ind2=" " tag="300">
      <marc:subfield code="a">48 S.</marc:subfield>
   </marc:datafield>
</marc:record>
